000 00573nam a2200229Ia 4500
003 OSt
005 20220918221359.0
006 a|||||r|||| 00| 0
007 ta
008 220917b |||||||| |||| 00| 0 eng d
024 _a149,619
037 _cTextual
040 _aARTS
_cARTS
_beng
041 _2eng
_aeng
082 _aV6.N, M0
245 0 _aPresent day development of Africa
260 _aMoscow
_bUSSR academy of science Russia
_c1980
300 _a223p.
_ccm.
650 _aHISTORY
942 _hV6.N, M0
_cTEXL
_2CC
999 _c272281
_d272281